| 000 | 01226cam a2200349 a 4500 | ||
|---|---|---|---|
| 001 | 15763973 | ||
| 003 | OSt | ||
| 005 | 20140310182743.0 | ||
| 008 | 090605s2010 maua b 001 0 eng | ||
| 010 | _a 2009021185 | ||
| 015 |
_aGBA995128 _2bnb |
||
| 016 | 7 |
_a015381219 _2Uk |
|
| 020 | _a9781422138793 (hardcover : alk. paper) | ||
| 020 | _a1422138798 (hardcover : alk. paper) | ||
| 035 | _a(OCoLC)ocn318429245 | ||
| 040 |
_aDLC _cDLC _dYDX _dYDXCP _dBWX _dCDX _dUKM _dDLC |
||
| 050 | 0 | 0 |
_aHD 57.7 _b.H3564 2010 |
| 082 | 0 | 0 |
_a658.4/092 _222 |
| 245 | 0 | 0 |
_aHandbook of leadership theory and practice : _ban HBS centennial colloquium on advancing leadership / _cedited by Nitin Nohria, Rakesh Khurana. |
| 260 |
_aBoston, Mass. : _bHarvard Business Press, _cc2010 |
||
| 300 |
_axiv, 822 p. : _bill. ; _c24 cm. |
||
| 521 | _aBSBA | ||
| 650 | 0 | _aLeadership. | |
| 650 | 0 | _aExecutive ability. | |
| 650 | 0 | _aInternational business enterprises. | |
| 700 | 1 |
_aNohria, Nitin, _d1962- |
|
| 700 | 1 |
_aKhurana, Rakesh, _d1948- |
|
| 906 |
_a7 _bcbc _corignew _d1 _eecip _f20 _gy-gencatlg |
||
| 942 |
_2lcc _cBK _kFOR |
||
| 999 |
_c15607 _d15607 |
||